Films avec Jean Marais par image - Statistiques

Statistiques générales
  • Ce quiz a été pris 62 fois
  • Le résultat moyen est 5 sur 16
Statistiques - réponses
Par images Réponse % Correct
La Belle et la Bête
94%
Fantomas
90%
Peau d'âne
69%
Le Bossu
63%
Le Capitan
31%
Le Comte de Monte-Cristo
22%
Orphée
22%
La Princesse de Clèves
14%
Si Versailles m'était conté…
12%
Les Parents terribles
10%
Le Capitaine Fracasse
8%
L'Aigle à deux têtes
6%
L'Eternel Retour
6%
Elena et les Hommes
4%
Ruy Blas
4%
Les Chouans
2%
Aucun quiz correspondant
Distribution des résultats
% des personnes avec chaque résultat
Percentile par nombre de réponses
Votre historique - résultats
Vous n’avez pas pris ce quiz